Jamharat ansāb al-ʻArab /
Main Author:
Other Authors:
Format: Book
Language: Arabic
Published:
Miṣr :
Dār al-Maʻārif,
1948.
Series:
Dhakhāʼir al-ʻArab ;
2.
Subjects:
Tags: Add Tag
Call Number: CS1122 .I2 1948
| LEADER | 01392nam a2200277Ia 4500 | ||
|---|---|---|---|
| 003 | OSt | ||
| 005 | 20230212092657.0 | ||
| 008 | 130303s1948 ua h b 001 0 ara d | ||
| 952 | |0 0 |1 0 |2 lcc |4 0 |6 CS1122 I2 01948 |7 1 |9 45549 |a ARCE |b ARCE |d 2023-02-12 |l 0 |o CS1122 .I2 1948 |p 1032386 |r 2023-02-12 00:00:00 |w 2023-02-12 |y BK | ||
| 999 | |c 23990 |d 23990 | ||
| 040 | |c ARCE Library | ||
| 050 | 4 | |a CS1122 .I2 1948 | |
| 100 | 1 | |6 880-01 |a Ibn-Ḥazm, ʿAlī Ibn-Aḥmad, |d 994-1064, |e author | |
| 245 | 1 | 0 | |6 880-02 |a Jamharat ansāb al-ʻArab / |c li-Abī Muḥammad ʻAlī ibn Saʻīd ibn Ḥazm al-Andalusī. Nashr, wa-taḥqīq wa-taʻalīq E. Layfī-Bruvansāl. |
| 264 | 1 | |a Miṣr : |b Dār al-Maʻārif, |c 1948. | |
| 300 | |a 11, 524, 11 p. : |b facsims. ; |c 25 cm. | ||
| 490 | 0 | |a Dhakhāʼir al-ʻArab ; |v 2. | |
| 500 | |a Title on added t.p.: Djamharat ansab al-'Arab, by Ibn Hazm al-Andalusi. | ||
| 500 | |a Introd. in Arabic and French. | ||
| 504 | |a Includes bibliographical references and indexes. | ||
| 650 | 0 | |a Arabs |x Genealogy |y Early works to 1800. | |
| 700 | 2 | |a Lévi-Provençal, Evariste, |d 1894-1956. | |
| 880 | 1 | |6 100-01/(3/r |a ابن حزم، علي بن أحمد، |d 994-1064. | |
| 880 | 1 | 0 | |6 245-02/(3/r |a جمهرة أنساب العرب |c علي بن أحمد بن حزم. |
| 901 | |a reviewed | ||
| 942 | |c BK |2 lcc | ||
